[Event "EU-ch U12"]
[Site "Herceg Novi"]
[Date "2005.09.16"]
[EventDate "?"]
[Round "3"]
[Result "0-1"]
[White "Anish Giri"]
[Black "Zbigniew Strzemiecki"]
[WhiteElo "2112"]
[BlackElo "2195"]
[PlyCount "66"]

1. e4 e6 2. d4 d5 3. Nc3 Nc6 4. Nf3 Nf6 5. e5 Ne4 6. Bd3 Bb4
7. Bd2 Nxd2 8. Qxd2 f6 9. O-O-O fxe5 10. dxe5 O-O 11. Ng5 h6
12. Nh7 d4 13. Qe2 dxc3 14. Nf6+ gxf6 15. Bh7+ Kxh7 16. Rxd8
Rxd8 17. exf6 cxb2+ 18. Kb1 Kg6 19. h4 e5 20. f4 Rd4 21. Rf1
Rxf4 22. Rxf4 exf4 23. Qe8+ Kxf6 24. Qh8+ Kg6 25. Qe8+ Kg7
26. h5 Ne7 27. Qa4 Bc3 28. Qxf4 Bf6 29. Qg3+ Kf7 30. c3 Be6
31. Kxb2 Rg8 32. Qf2 b6 33. Ka3 Rg5 0-1

[Event "Chigorin Mem"]
[Site "St Petersburg RUS"]
[Date "2005.10.17"]
[EventDate "?"]
[Round "3"]
[Result "1-0"]
[White "Mikhail Zacurdajev"]
[Black "Anish Giri"]
[WhiteElo "2330"]
[BlackElo "2122"]
[PlyCount "41"]

1. Nf3 Nf6 2. g3 g6 3. Bg2 Bg7 4. O-O O-O 5. d4 d6 6. Nc3 Nbd7
7. e4 e5 8. Be3 c6 9. Re1 Ng4 10. Bg5 Qb6 11. h3 exd4 12. Na4
Qa5 13. hxg4 Qxa4 14. Be7 Re8 15. Bxd6 Qb5 16. e5 Nxe5
17. Nxe5 Bxe5 18. a4 Qxb2 19. Bxe5 c5 20. Qc1 Qc3 21. Qf4 1-0

[Event "Chigorin mem 13th"]
[Site "St Petersburg"]
[Date "2005.10.21"]
[EventDate "?"]
[Round "7"]
[Result "1-0"]
[White "E Grigorjev"]
[Black "Anish Giri"]
[WhiteElo "2286"]
[BlackElo "2122"]
[PlyCount "95"]

1. c4 Nc6 2. Nc3 Nf6 3. g3 e5 4. Bg2 Bc5 5. a3 a5 6. e3 O-O
7. Nge2 Re8 8. O-O d6 9. d4 Ba7 10. d5 Nb8 11. b4 e4 12. Bb2
Bf5 13. Nd4 Bxd4 14. Qxd4 axb4 15. axb4 Rxa1 16. Rxa1 Nbd7
17. c5 Nf8 18. Ra7 Qb8 19. cxd6 cxd6 20. Qb6 Re7 21. b5 Qc7
22. Qxc7 Rxc7 23. h3 h5 24. b6 Rc4 25. Nb5 Nxd5 26. Nxd6 Rb4
27. Bd4 Be6 28. Rxb7 Nd7 29. Bxe4 N5xb6 30. Bc6 Rb3 31. Ne8 f6
32. Nc7 Bc4 33. Kg2 Kh7 34. Ne8 Bf7 35. Rxd7 Nxd7 36. Bxd7 Rb8
37. Bf5+ Bg6 38. Nd6 Rd8 39. Bxg6+ Kxg6 40. Ne4 Kf5 41. Kf3
Ke6 42. g4 hxg4+ 43. hxg4 Rf8 44. Ng3 g6 45. Ne4 f5 46. Nc5+
Kd5 47. g5 Rf7 48. Nd3 1-0

[Event "Chigorin mem 13th"]
[Site "St Petersburg"]
[Date "2005.10.23"]
[EventDate "?"]
[Round "9"]
[Result "1-0"]
[White "Viktor Tchernyi"]
[Black "Anish Giri"]
[WhiteElo "2244"]
[BlackElo "2122"]
[PlyCount "143"]

1. e4 c5 2. Nf3 e6 3. b3 Nc6 4. Bb2 b6 5. d4 cxd4 6. Nxd4 Bb7
7. Bd3 Qf6 8. c3 Nxd4 9. cxd4 Bb4+ 10. Kf1 Nh6 11. h4 Qd8
12. Nd2 f5 13. e5 Nf7 14. Nc4 g5 15. Ne3 gxh4 16. d5 Bc5
17. Nxf5 Bxd5 18. Nxh4 Qg5 19. Qe2 O-O-O 20. Be4 Rhg8 21. Rh2
Bxe4 22. Qxe4 Qd2 23. Qe2 Qxe2+ 24. Kxe2 d6 25. Rc1 Kb7
26. Nf3 dxe5 27. Rxh7 Rd7 28. Rd1 Rc7 29. g3 e4 30. Ne5 Nd6
31. Rxc7+ Kxc7 32. Bd4 Bxd4 33. Rxd4 Rg5 34. Rxd6 Rxe5 35. Rd4
Kc6 36. Ke3 Rf5 37. Rxe4 Kd5 38. Rd4+ Kc6 39. Rc4+ Kd6 40. g4
Re5+ 41. Re4 Ra5 42. Rd4+ Ke5 43. Ra4 Rc5 44. f4+ Kf6 45. Rxa7
e5 46. f5 Rc3+ 47. Kf2 e4 48. Rb7 Kg5 49. Re7 Kxg4 50. f6 Rf3+
51. Ke2 Rxf6 52. Rxe4+ Kf5 53. Kd3 Rd6+ 54. Rd4 Rc6 55. Rh4
Kg5 56. Rc4 Rd6+ 57. Kc3 Kf6 58. Re4 Rd5 59. Kc4 Rc5+ 60. Kb4
Kf7 61. a4 Rd5 62. Re3 Rf5 63. Rc3 Ke7 64. Rc6 Kd7 65. Rxb6
Kc7 66. Rh6 Kb7 67. Rh7+ Ka6 68. Rh6+ Kb7 69. a5 Rf4+ 70. Kb5
Rf5+ 71. Ka4 Rf4+ 72. b4 1-0

[Event "St. Petersburg RUS"]
[Site "St. Petersburg RUS"]
[Date "2006.11.01"]
[EventDate "?"]
[Round "2.5"]
[Result "1-0"]
[White "Dmitry Melnikov"]
[Black "Anish Giri"]
[WhiteElo "2352"]
[BlackElo "2183"]
[PlyCount "137"]

1.e4 e6 2.d4 d5 3.Nc3 Bb4 4.e5 c5 5.Bd2 Ne7 6.Nb5 Bxd2+ 7.Qxd2
O-O 8.c3 Qb6 9.f4 Bd7 10.dxc5 Qxc5 11.Nd4 Nbc6 12.Ngf3 Nxd4
13.Qxd4 b6 14.Bd3 Nc6 15.Qf2 Qxf2+ 16.Kxf2 f6 17.exf6 Rxf6
18.Ke3 Raf8 19.g3 Be8 20.Rhf1 Bh5 21.Nd4 Ne7 22.Nb5 Nc6 23.Nd4
Ne7 24.a4 Bg6 25.Rfe1 Nf5+ 26.Bxf5 Bxf5 27.a5 Rh6 28.axb6 axb6
29.Re2 Bg4 30.Rd2 Rh5 31.Ra7 e5 32.fxe5 Rxe5+ 33.Kd3 Bh5
34.Rg2 Bg6+ 35.Kd2 Rf1 36.Re2 Rxe2+ 37.Kxe2 Rh1 38.h4 Rh2+
39.Ke3 Rxb2 40.Ne6 Rg2 41.Rxg7+ Kh8 42.Rb7 Kg8 43.Kf4 Rf2+
44.Ke5 Ra2 45.Rxb6 Ra3 46.Kf6 Ra8 47.Rd6 Be4 48.Rd7 Re8 49.h5
h6 50.Rd8 Rxd8 51.Nxd8 Kh7 52.Ne6 Bf3 53.Nf4 Bg4 54.Nxd5 Bxh5
55.c4 Bf3 56.Ne7 h5 57.c5 h4 58.gxh4 Kh6 59.Kf5 Kh5 60.Kf4 Bb7
61.Kg3 Kh6 62.c6 Bxc6 63.Nxc6 Kg7 64.Kg4 Kh8 65.Kg5 Kg7 66.h5
Kh8 67.Kg6 Kg8 68.Ne5 Kh8 69.h6 1-0

[Event "St. Petersburg RUS"]
[Site "St. Petersburg RUS"]
[Date "2006.11.03"]
[EventDate "?"]
[Round "4.9"]
[Result "1/2-1/2"]
[White "Andrej Kryschilovskij"]
[Black "Anish Giri"]
[WhiteElo "2339"]
[BlackElo "2183"]
[PlyCount "35"]

1.d4 Nf6 2.c4 g6 3.g3 Bg7 4.Bg2 O-O 5.Nf3 d6 6.O-O Nbd7 7.Nc3
e5 8.e4 a5 9.Be3 exd4 10.Bxd4 Re8 11.Re1 c6 12.h3 a4 13.Nxa4
Rxe4 14.Rxe4 Nxe4 15.Bxg7 Kxg7 16.Qd4+ Qf6 17.b3 Nec5 18.Nxc5
1/2-1/2

[Event "St. Petersburg RUS"]
[Site "St. Petersburg RUS"]
[Date "2006.11.04"]
[EventDate "?"]
[Round "5.12"]
[Result "1/2-1/2"]
[White "Anish Giri"]
[Black "Oleg V Biriukov"]
[WhiteElo "2183"]
[BlackElo "2374"]
[PlyCount "71"]

1.e4 c5 2.Nf3 d6 3.Nc3 Nf6 4.e5 dxe5 5.Nxe5 a6 6.a4 Qc7 7.Nc4
Nc6 8.d3 Be6 9.Ne3 g6 10.g3 Rd8 11.b3 Bg7 12.Bb2 O-O 13.Bg2
Nd4 14.O-O b5 15.axb5 axb5 16.Ne2 Nh5 17.Rb1 c4 18.bxc4 bxc4
19.Bxd4 Bxd4 20.Rb7 Qc5 21.Nxd4 Rxd4 22.Qb1 cxd3 23.cxd3 Rc8
24.Rd1 Nf6 25.Rb8 Rxb8 26.Qxb8+ Kg7 27.Ra1 Nd7 28.Qb2 Ne5
29.Be4 Rb4 30.Rc1 Qd6 31.Qa1 f6 32.h4 Nxd3 33.Rc6 Qd7 34.Rxe6
Nc5 35.Rxe7+ Qxe7 36.Nd5 1/2-1/2

[Event "St. Petersburg RUS"]
[Site "St. Petersburg RUS"]
[Date "2006.11.07"]
[EventDate "?"]
[Round "8.5"]
[Result "1/2-1/2"]
[White "Aleksey Bogdanov"]
[Black "Anish Giri"]
[WhiteElo "2196"]
[BlackElo "2183"]
[PlyCount "108"]

1.e4 e6 2.d4 d5 3.Nc3 Bb4 4.e5 c5 5.a3 Bxc3+ 6.bxc3 Ne7 7.Nf3
b6 8.a4 Ba6 9.Bxa6 Nxa6 10.O-O Nb8 11.Ba3 Qc7 12.Re1 O-O
13.dxc5 bxc5 14.c4 dxc4 15.Nd2 Nd7 16.Nxc4 Nb6 17.Nd6 Rad8
18.Qg4 Ng6 19.Nb5 Qe7 20.Re4 a6 21.Nd4 Qc7 22.Nf3 Rd5 23.Rae1
Rfd8 24.h4 h6 25.Bc1 Kh7 26.Qh5 Qd7 27.Bg5 Rb8 28.Nh2 Rh8
29.Ng4 Kg8 30.Bc1 Qe7 31.Ba3 Kh7 32.Bc1 Nd7 33.Bg5 Qe8 34.c4
Rd3 35.Rb1 Kg8 36.Be3 Qa8 37.f3 Qc6 38.Nf2 Ra3 39.Rd1 Qxa4
40.Rd6 Ne7 41.Rxe6 fxe6 42.Qe8+ Nf8 43.Qxe7 Qd7 44.Qxc5 Ra1+
45.Kh2 a5 46.Rd4 Qe8 47.Ne4 Qh5 48.Ng3 Qf7 49.Rf4 Qe8 50.Ne4
Ng6 51.Nd6 Qb8 52.Rg4 Qb1 53.Qc8+ Kh7 54.Qxe6 Qh1+ 1/2-1/2

[Event "White Nights (CYSS-2)"]
[Site "St. Petersburg RUS"]
[Date "2007.06.05"]
[EventDate "?"]
[Round "4"]
[Result "1-0"]
[White "Valentin Vlassow"]
[Black "Anish Giri"]
[WhiteElo "2348"]
[BlackElo "2218"]
[PlyCount "73"]

1. e4 e6 2. d4 d5 3. Nc3 Bb4 4. Qd3 dxe4 5. Qxe4 Nf6 6. Qh4
Nbd7 7. Nf3 b6 8. Bb5 Bb7 9. Ne5 c6 10. Bd3 Be7 11. O-O Qc7
12. Bf4 Nxe5 13. Bxe5 Qd7 14. Qg3 Rg8 15. a4 a5 16. Rfe1 O-O-O
17. Nb5 cxb5 18. Bxb5 Qd5 19. Qc3+ Bc5 20. f3 Nd7 21. dxc5
Qxc5+ 22. Qxc5+ Nxc5 23. Rad1 f6 24. Bd6 e5 25. c3 e4 26. Rd4
exf3 27. gxf3 Nb3 28. Rc4+ Nc5 29. Bg3 Bd5 30. Re7 Bxc4
31. Rc7+ Kb8 32. Rxc5+ Ka8 33. Rxc4 Rc8 34. Re4 f5 35. Re7 g5
36. Bd7 Rc5 37. Bd6 1-0

[Event "White Nights (CYSS-2)"]
[Site "St. Petersburg RUS"]
[Date "2007.06.06"]
[EventDate "?"]
[Round "5"]
[Result "1/2-1/2"]
[White "Vladimir I Karasev"]
[Black "Anish Giri"]
[WhiteElo "2376"]
[BlackElo "2218"]
[PlyCount "116"]

1. d4 d5 2. c4 Nc6 3. cxd5 Qxd5 4. e3 e5 5. Nc3 Bb4 6. a3
Bxc3+ 7. bxc3 Nf6 8. c4 Qd6 9. d5 Ne7 10. Bb2 O-O 11. Nf3 Nd7
12. e4 f6 13. a4 Nc5 14. Ba3 a5 15. Nd2 b6 16. Nb3 f5 17. Nxc5
bxc5 18. Bd3 Qg6 19. Qe2 fxe4 20. Bxe4 Bf5 21. Bxf5 Nxf5
22. Qe4 Qd6 23. O-O Nd4 24. Rae1 Rf5 25. Bc1 Raf8 26. f3 Qd7
27. Ba3 Nb3 28. Qe3 Qxa4 29. Bxc5 Nxc5 30. Qxc5 Rf4 31. Qxc7
Qxc4 32. Qxe5 Qd4+ 33. Rf2 Qxe5 34. Rxe5 Rd4 35. Rb2 Rd8
36. Rb5 a4 37. Ra5 a3 38. Kf2 a2 39. Ke3 R4xd5 40. Rexd5 Rxd5
41. Rxa2 Rd7 42. f4 Kf7 43. Ke4 Rb7 44. g3 Rc7 45. Ra5 Rb7
46. Kf5 h6 47. Kg4 Rb2 48. h4 Rb3 49. h5 Rc3 50. Ra7+ Kf6
51. Kh4 Rc4 52. Ra6+ Kf7 53. Rg6 Rb4 54. Kg4 Rb3 55. Rd6 Ra3
56. Rg6 Rb3 57. f5 Rb4+ 58. Kh3 Rb5 1/2-1/2

[Event "White Nights (CYSS-2)"]
[Site "St. Petersburg RUS"]
[Date "2007.06.09"]
[EventDate "?"]
[Round "8"]
[Result "1/2-1/2"]
[White "Anish Giri"]
[Black "Sergey Fedoseev"]
[WhiteElo "2218"]
[BlackElo "2260"]
[PlyCount "99"]

1. d4 Nf6 2. c4 g6 3. Nc3 Bg7 4. e4 d6 5. Nf3 O-O 6. h3 e5
7. d5 Na6 8. Bg5 h6 9. Be3 Nh5 10. Ng1 c6 11. a3 cxd5 12. cxd5
Bd7 13. Be2 Nf4 14. Bf3 g5 15. g3 Ng6 16. Bg4 Ne7 17. h4 f5
18. exf5 Nxf5 19. Bxf5 Bxf5 20. hxg5 hxg5 21. Qh5 g4 22. Nge2
b6 23. b4 Qf6 24. Kd2 Rac8 25. Qg5 Qxg5 26. Bxg5 Bg6 27. Be3
Nb8 28. Rhc1 Nd7 29. Nb5 Nf6 30. Rxc8 Rxc8 31. Nec3 a6 32. Na7
Rc7 33. Nc6 Ne4+ 34. Nxe4 Bxe4 35. Bg5 Bf8 36. b5 axb5 37. Nb4
Rc4 38. Be3 Kf7 39. Bxb6 Bh6+ 40. Be3 Bg7 41. Rc1 Rxc1
42. Kxc1 Ke7 43. Kd2 Kd7 44. Kc3 Bf6 45. Kb3 Bd8 46. a4 bxa4+
47. Kxa4 Bf3 48. Kb5 Be2+ 49. Ka4 Bc4 50. Ba7 1/2-1/2

[Event "White Nights"]
[Site "St. Petersburg RUS"]
[Date "2007.06.29"]
[EventDate "?"]
[Round "5.4"]
[Result "1-0"]
[White "Alexsej Lanin"]
[Black "Anish Giri"]
[WhiteElo "2465"]
[BlackElo "2218"]
[PlyCount "69"]

1.e4 e6 2.d4 d5 3.Nc3 Bb4 4.e5 c5 5.a3 Bc3+ 6.bc3 Ne7 7.Qg4
Qc7 8.Qg7 Rg8 9.Qh7 cd4 10.Ne2 Nbc6 11.f4 Bd7 12.Rb1 dc3
13.Qd3 d4 14.Rg1 Nf5 15.g4 Nh4 16.Qh7 Nf3+ 17.Kf2 O-O-O 18.Kf3
f6 19.ef6 d3 20.cd3 c2 21.Rb2 Ne5+ 22.Kf2 Ng4+ 23.Rg4 Rg4
24.f7 Qc5+ 25.d4 Qe7 26.h3 Rh4 27.Rc2+ Bc6 28.Qg7 Kb8 29.Qg5
Qg5 30.fg5 Be4 31.Bf4+ Ka8 32.Rc7 Bg6 33.Bg2 Bf7 34.Bb7+ Kb8
35.Rf7+ 1-0

[Event "White Nights"]
[Site "St. Petersburg RUS"]
[Date "2007.07.02"]
[EventDate "?"]
[Round "8.4"]
[Result "1/2-1/2"]
[White "Vladimir I Karasev"]
[Black "Anish Giri"]
[WhiteElo "2376"]
[BlackElo "2218"]
[PlyCount "109"]

1.Nf3 Nf6 2.c4 g6 3.d4 Bg7 4.Nc3 d6 5.e4 O-O 6.Be2 Bg4 7.O-O
Nfd7 8.Be3 Bf3 9.Bf3 Nc6 10.d5 Na5 11.Be2 Bc3 12.bc3 e5 13.de6
fe6 14.f4 Nc6 15.c5 Qe7 16.cd6 cd6 17.Rb1 Nc5 18.Bc5 dc5
19.Qa4 Rac8 20.Bg4 Kg7 21.Qc4 Rce8 22.e5 g5 23.Bh5 Rd8 24.fg5
Ne5 25.Qe4 Rf1+ 26.Rf1 Qg5 27.Qb7+ Kh8 28.Bf3 Qe3+ 29.Kh1 Nf3
30.Qf3 Qf3 31.gf3 Rd3 32.Re1 Rc3 33.Re6 Rc1+ 34.Kg2 Rc2+
35.Kg3 Ra2 36.Rc6 Ra5 37.Rc7 a6 38.Kf4 Rb5 39.Ke5 a5 40.f4 Rb8
41.Ra7 c4 42.Ra5 Rc8 43.Ra2 c3 44.Rc2 Kg7 45.h4 Kf7 46.h5 Rc5+
47.Kd4 Rf5 48.Ke4 Rc5 49.h6 Kf6 50.Kd4 Rc8 51.Rc3 Rc3 52.Kc3
Kf5 53.Kd3 Kf4 54.Ke2 Kg5 55.Kf1 1/2-1/2

[Event "Ch St. Petersburg B18"]
[Site "St. Petersburg"]
[Date "2007.10.07"]
[EventDate "?"]
[Round "3.2"]
[Result "1/2-1/2"]
[White "German Bazeev"]
[Black "Anish Giri"]
[WhiteElo "2163"]
[BlackElo "2341"]
[PlyCount "40"]

1.e4 e6 2.d4 d5 3.Nc3 Bb4 4.e5 c5 5.a3 Ba5 6.Bd2 Ne7 7.dc5 a6
8.Nf3 Nd7 9.b4 Bc7 10.Bf4 f6 11.ef6 Bf4 12.fe7 Qe7 13.g3 Bc7
14.Bg2 Qf6 15.Nd4 O-O 16.O-O Kh8 17.f4 Nb8 18.Nce2 Nc6 19.c4
Rd8 20.Nc6 bc6 1/2-1/2

[Event "Ch St. Petersburg B18"]
[Site "St. Petersburg"]
[Date "2007.10.08"]
[EventDate "?"]
[Round "4.1"]
[Result "1/2-1/2"]
[White "Anish Giri"]
[Black "Ivan Kosov"]
[WhiteElo "2341"]
[BlackElo "2370"]
[PlyCount "43"]

1.d4 d5 2.c4 c6 3.Nc3 e6 4.e4 de4 5.Ne4 Bb4+ 6.Bd2 Qd4 7.Bb4
Qe4+ 8.Be2 Qg2 9.Qd2 Nd7 10.O-O-O a5 11.Bc3 Ngf6 12.Bf3 Qg6
13.Ne2 Ne4 14.Be4 Qe4 15.Bg7 Qc4+ 16.Nc3 Rg8 17.Rhg1 e5 18.Be5
Rg6 19.b3 Qc5 20.Bd6 Qf5 21.Rg6 fg6 22.Qh6 1/2-1/2

[Event "Ch St. Petersburg B18"]
[Site "St. Petersburg"]
[Date "2007.10.10"]
[EventDate "?"]
[Round "6.1"]
[Result "1/2-1/2"]
[White "Artyom Zubritskiy"]
[Black "Anish Giri"]
[WhiteElo "2302"]
[BlackElo "2341"]
[PlyCount "36"]

1.d4 d5 2.c4 Nc6 3.Nc3 dc4 4.d5 Ne5 5.f4 Ng4 6.h3 N4f6 7.e4 e6
8.Bc4 ed5 9.Bd5 Nd5 10.Qd5 Qh4+ 11.Kf1 c6 12.Qe5+ Qe7 13.Nf3
Qe5 14.Ne5 Nf6 15.Kf2 Bb4 16.Kf3 O-O 17.Rd1 Re8 18.Bd2 b6
1/2-1/2

[Event "Ch St. Petersburg B18"]
[Site "St. Petersburg"]
[Date "2007.10.13"]
[EventDate "?"]
[Round "9.3"]
[Result "1-0"]
[White "Maksim Serov"]
[Black "Anish Giri"]
[WhiteElo "2305"]
[BlackElo "2341"]
[PlyCount "41"]

1.d4 d5 2.Nf3 Nc6 3.Bf4 Bg4 4.e3 e6 5.c4 Bb4+ 6.Nc3 Nge7 7.Rc1
Ng6 8.Bg3 e5 9.de5 dc4 10.Bc4 Qd1+ 11.Rd1 Bf3 12.gf3 Nce5
13.Be2 c6 14.Rg1 Nd7 15.a3 Bc3+ 16.bc3 O-O-O 17.Kd2 f5 18.Kc2
Rde8 19.f4 Nc5 20.h4 Ne4 21.Bc4 1-0

[Event "Autumn Petersburg Open"]
[Site "St. Petersburg"]
[Date "2007.10.27"]
[EventDate "?"]
[Round "1.8"]
[Result "1-0"]
[White "Michail Fateev"]
[Black "Anish Giri"]
[WhiteElo "2068"]
[BlackElo "2341"]
[PlyCount "91"]

1. e4 e6 2. d4 d5 3. Nd2 Nf6 4. e5 Nfd7 5. f4 c5 6. c3 Nc6
7. Ndf3 Qb6 8. g3 cxd4 9. cxd4 Bb4+ 10. Kf2 f6 11. Kg2 O-O
12. Bd3 Kh8 13. Ne2 Be7 14. h4 f5 15. a3 Qd8 16. Nc3 Nb6
17. Ng5 Bd7 18. Qh5 h6 19. Qg6 Bxg5 20. hxg5 Be8 21. Rxh6+
gxh6 22. Qxh6+ Kg8 23. Qxe6+ Rf7 24. g6 Nxd4 25. gxf7+ Bxf7
26. Qh6 Qf8 27. Qh3 Qg7 28. Bxf5 Nxf5 29. Qxf5 Rf8 30. Qd3 d4
31. Qxd4 Qh7 32. Bd2 Be8 33. Ne4 Bc6 34. Re1 Nd5 35. Kg1 Qh3
36. Re2 Qh5 37. Qd3 Ne7 38. Bb4 Bxe4 39. Qxe4 Re8 40. Bxe7
Rxe7 41. Qd5+ Kf8 42. Rh2 Qf7 43. Qd8+ Kg7 44. Qh8+ Kg6
45. Qh5+ Kg7 46. Qh6+ 1-0

[Event "Autumn Petersburg Open"]
[Site "St. Petersburg"]
[Date "2007.10.31"]
[EventDate "?"]
[Round "5.6"]
[Result "1-0"]
[White "Dmitry Melnikov"]
[Black "Anish Giri"]
[WhiteElo "2293"]
[BlackElo "2341"]
[PlyCount "119"]

1. f4 Nf6 2. Nf3 g6 3. g3 Bg7 4. Bg2 O-O 5. O-O d5 6. d3 c5
7. Qe1 Nc6 8. e4 dxe4 9. dxe4 e5 10. Nc3 Nd4 11. Qd2 Nxf3+
12. Rxf3 Qd4+ 13. Kh1 c4 14. Qe1 exf4 15. gxf4 Bg4 16. Rg3 Qd7
17. h3 Bh5 18. Be3 Rfd8 19. Qf2 Ne8 20. e5 Nc7 21. Rf1 f5
22. Bxa7 Nb5 23. Bb6 Nxc3 24. Rxc3 Rdc8 25. Qd4 Qxd4 26. Bxd4
Rxa2 27. Rxc4 Rxc4 28. Bd5+ Kh8 29. Bxc4 Ra8 30. b3 h6 31. Kg2
Kh7 32. Ra1 Rxa1 33. Bxa1 g5 34. fxg5 hxg5 35. Bd3 Kg6 36. c4
Bd1 37. b4 Bb3 38. c5 Bf8 39. Bd4 Bd5+ 40. Kg3 Be6 41. b5 Bd5
42. b6 Be7 43. Bb5 f4+ 44. Kf2 Bd8 45. Bd7 Kf7 46. e6+ Bxe6
47. Bxe6+ Kxe6 48. c6 bxc6 49. b7 Bc7 50. Ba7 Kd5 51. b8=Q
Bxb8 52. Bxb8 c5 53. Bc7 Ke4 54. Bd8 Kf5 55. Kf3 c4 56. Ba5
Kg6 57. Kg4 Kf7 58. Bd8 Kg6 59. Bxg5 f3 60. Be3 1-0

[Event "Autumn Petersburg Open"]
[Site "St. Petersburg"]
[Date "2007.11.01"]
[EventDate "?"]
[Round "6.7"]
[Result "1-0"]
[White "Alexey Goganov"]
[Black "Anish Giri"]
[WhiteElo "2299"]
[BlackElo "2341"]
[PlyCount "123"]

1. d4 d5 2. c4 Nc6 3. cxd5 Qxd5 4. e3 e5 5. Nc3 Bb4 6. Bd2
Bxc3 7. Bxc3 exd4 8. Ne2 Nf6 9. Nxd4 O-O 10. Nb5 Qg5 11. h4
Qh6 12. Nxc7 Bg4 13. Be2 Rad8 14. Qc2 Bxe2 15. Qxe2 Ne4
16. Nb5 Rfe8 17. Rh3 Qg6 18. Kf1 h5 19. Be1 Ne5 20. Nc3 Nc5
21. Kg1 Ng4 22. Rf3 Nd3 23. Rd1 Qa6 24. e4 Nge5 25. Re3 Nf4
26. Qxa6 bxa6 27. g3 Nfd3 28. b3 Nxe1 29. Rdxe1 Rd2 30. R1e2
Rxe2 31. Rxe2 Rc8 32. Nd5 Rc1+ 33. Kg2 Kf8 34. Nf4 g6 35. Rd2
Ke7 36. Nd5+ Ke6 37. Ne3 f6 38. Rd4 Rc5 39. Nc4 Nc6 40. Rd6+
Ke7 41. Rd2 Ke6 42. f4 Ke7 43. Kf3 a5 44. a4 Nb4 45. Ke3 Rc8
46. e5 fxe5 47. fxe5 Nc6 48. Ke4 Nd8 49. Rd6 Ne6 50. Kd5 Rc5+
51. Ke4 Rc8 52. Ne3 Nc5+ 53. Kf3 Rf8+ 54. Ke2 Rb8 55. Rxg6
Rxb3 56. Nf5+ Kf7 57. Rf6+ Ke8 58. e6 Ne4 59. Ng7+ Kd8
60. Rf8+ Kc7 61. e7 Nxg3+ 62. Kd1 1-0

[Event "Ch St. Petersburg B16"]
[Site "St. Petersburg"]
[Date "2007.11.08"]
[EventDate "?"]
[Round "4.1"]
[Result "1-0"]
[White "Roman Yankovsky"]
[Black "Anish Giri"]
[WhiteElo "2202"]
[BlackElo "2341"]
[PlyCount "92"]

1.e4 c5 2.Nf3 d6 3.d4 cd4 4.Nd4 Nf6 5.Nc3 a6 6.g3 e6 7.Bg2 Be7
8.O-O O-O 9.Re1 Qc7 10.h3 Nc6 11.Nc6 bc6 12.Na4 e5 13.c4 Be6
14.b3 Nd7 15.Be3 c5 16.f4 f6 17.Nc3 Nb8 18.f5 Bf7 19.Nd5 Qd8
20.g4 Nc6 21.h4 Nd4 22.Rf1 Bd5 23.ed5 h6 24.Be4 Kf7 25.g5 Ke8
26.gh6 gh6 27.Kh1 Rg8 28.Rg1 Rg1+ 29.Qg1 Kd7 30.Bd4 cd4 31.c5
Qg8 32.c6+ Kc7 33.Qg6 Qg6 34.fg6 Bf8 35.h5 Bg7 36.Kg2 Rb8
37.Kf3 Rb4 38.Rc1 d3 39.Rc4 Rb5 40.Ke3 f5 41.Bf5 d2 42.Kd2
Rd5+ 43.Ke3 Rd1 44.Be4 Rg1 45.Rb4 Bf6 46.Rb7+ Kd8 1-0

[Event "Ch St. Petersburg B16"]
[Site "St. Petersburg"]
[Date "2007.11.09"]
[EventDate "?"]
[Round "5.2"]
[Result "1/2-1/2"]
[White "Anish Giri"]
[Black "Zviad Sichinava"]
[WhiteElo "2341"]
[BlackElo "2166"]
[PlyCount "105"]

1.d4 Nf6 2.Nf3 e6 3.c4 Bb4+ 4.Bd2 Qe7 5.g3 O-O 6.Bg2 Bd2+
7.Nbd2 c5 8.O-O Nc6 9.dc5 Qc5 10.a3 b6 11.b4 Qe7 12.Nb3 Bb7
13.c5 bc5 14.Nc5 d5 15.Qa4 Ne4 16.Nb7 Qb7 17.b5 Ne7 18.Qb4
Rfc8 19.Rfc1 Rc7 20.Rc7 Qc7 21.Nd4 Qc3 22.Qc3 Nc3 23.f4 Rc8
24.e3 Na4 25.Kf2 Kf8 26.Ke2 Rc3 27.Kd2 Ke8 28.Bf1 Rc7 29.Bd3
Kd7 30.Rb1 g6 31.Rb4 Nc5 32.Bc2 Nc8 33.a4 Nd6 34.Nc6 Nc4+
35.Ke2 a5 36.Rc4 dc4 37.Na5 Nb7 38.Nc6 Nd6 39.Kd2 Rc6 40.bc6+
Kc6 41.Kc3 Kc5 42.g4 f5 43.gf5 gf5 44.h4 h6 45.Bb1 Nc8 46.e4
fe4 47.Be4 Nb6 48.a5 Na4+ 49.Kc2 Kb5 50.Bg6 Ka5 51.Bf7 Nc5
52.Kc3 Ne4+ 53.Kc2 1/2-1/2

[Event "M.Chigorin Memorial B"]
[Site "St. Petersburg"]
[Date "2007.12.01"]
[EventDate "?"]
[Round "1.9"]
[Result "1/2-1/2"]
[White "Anish Giri"]
[Black "Ilya Duzhakov"]
[WhiteElo "2341"]
[BlackElo "2118"]
[PlyCount "67"]

1.e4 c5 2.Nc3 a6 3.Nge2 d6 4.g3 g6 5.Bg2 Bg7 6.d4 cd4 7.Nd4
Nf6 8.O-O O-O 9.h3 Qc7 10.Nd5 Nd5 11.ed5 Nd7 12.Re1 Ne5 13.Kh2
Qc5 14.c3 Re8 15.f4 Nc4 16.Nb3 Qc7 17.a4 Bd7 18.Qd3 Rac8
19.Nd2 b5 20.ab5 ab5 21.Nc4 bc4 22.Qe3 Rb8 23.Ra7 Rb7 24.Rb7
Qb7 25.Qe4 Qb5 26.g4 e6 27.de6 fe6 28.Qb7 Qb7 29.Bb7 d5 30.f5
gf5 31.gf5 Rb8 32.fe6 Rb7 33.ed7 Rd7 34.Re2 1/2-1/2

[Event "M.Chigorin Memorial B"]
[Site "St. Petersburg"]
[Date "2007.12.02"]
[EventDate "?"]
[Round "2.12"]
[Result "1/2-1/2"]
[White "Maria Butuc"]
[Black "Anish Giri"]
[WhiteElo "2099"]
[BlackElo "2341"]
[PlyCount "122"]

1.Nf3 Nf6 2.c4 g6 3.Nc3 Bg7 4.g3 O-O 5.Bg2 d6 6.d4 Nbd7 7.O-O
e5 8.e4 c6 9.h3 Re8 10.Re1 ed4 11.Nd4 a5 12.Bf4 Ne5 13.b3 Nfd7
14.Be3 Nc5 15.Qc2 a4 16.Rad1 Qa5 17.f4 Ned7 18.Bf2 Qb4 19.Rb1
ab3 20.ab3 Ra3 21.Na2 Qa5 22.Re2 Nd3 23.Qd3 Ra2 24.b4 Qa4
25.Ra2 Qa2 26.Qb3 Qa8 27.Qc2 h5 28.Kh2 h4 29.g4 Qb8 30.Nf3 Nf6
31.Nh4 Bd7 32.Re1 b5 33.c5 dc5 34.e5 Nd5 35.Bd5 cd5 36.Bc5 Qb7
37.Nf3 d4 38.Nd4 Ra8 39.Qg2 Qb8 40.Qd5 Be8 41.Re2 Ra3 42.Ra2
Ra2+ 43.Qa2 g5 44.Nf5 gf4 45.Ng7 Kg7 46.Qb2 Qb7 47.e6+ Kg8
48.e7 Qf3 49.Qf2 Qf2+ 50.Bf2 f6 51.Bc5 Kf7 52.Bd6 Bc6 53.h4
Ke8 54.h5 Kf7 55.h6 f3 56.Kg3 Kg6 57.Bf4 Kh7 58.g5 fg5 59.Bg5
Kg6 60.Be3 Kf7 61.Kh4 f2 1/2-1/2

[Event "M.Chigorin Memorial B"]
[Site "St. Petersburg"]
[Date "2007.12.06"]
[EventDate "?"]
[Round "6.2"]
[Result "1/2-1/2"]
[White "Julia Kochetkova"]
[Black "Anish Giri"]
[WhiteElo "2297"]
[BlackElo "2341"]
[PlyCount "137"]

1.e4 c5 2.Nf3 e6 3.d4 cd4 4.Nd4 Nc6 5.Nc3 Qc7 6.g3 a6 7.Bg2
Nge7 8.O-O Nd4 9.Qd4 Nc6 10.Qd1 Be7 11.Bf4 d6 12.Qd2 Ne5
13.Nd1 O-O 14.h4 h6 15.h5 b5 16.Ne3 Bb7 17.Rad1 Rac8 18.Qe2
Rfd8 19.c3 Qc5 20.Ng4 a5 21.Ne5 de5 22.Be3 Qc6 23.Qg4 Kh8
24.Kh2 Bc5 25.Bc1 b4 26.c4 Rd1 27.Rd1 Bd4 28.b3 Rf8 29.Qh4 f5
30.Be3 fe4 31.Bd4 ed4 32.Rd4 Rf2 33.Rd8+ Kh7 34.Qg4 Rf6 35.Rd4
Qe8 36.Be4+ Be4 37.Qe4+ Kg8 38.Qe2 Qf8 39.Kg2 Qa8+ 40.Qe4 Qe4+
41.Re4 Rf5 42.Re6 Rh5 43.Re2 Kf7 44.Kf3 Rg5 45.Kf4 Kf6 46.g4
Rc5 47.Re8 Rg5 48.Rf8+ Ke6 49.Rf5 Rf5+ 50.gf5+ Kd6 51.Kg4 Ke5
52.c5 h5+ 53.Kg5 h4 54.c6 Kd6 55.Kh4 Kc6 56.Kg4 Kd5 57.Kg5 Ke5
58.Kg4 Ke4 59.Kg5 Kf3 60.Kh5 Kg3 61.Kg5 Kf3 62.Kh5 Ke3 63.Kg5
Ke4 64.Kg4 Ke3 65.Kg5 Kd4 66.Kg6 Ke4 67.Kg5 Ke3 68.Kg4 Ke4
69.Kg5 1/2-1/2

[Event "M.Chigorin Memorial B"]
[Site "St. Petersburg"]
[Date "2007.12.07"]
[EventDate "?"]
[Round "7.2"]
[Result "1/2-1/2"]
[White "Dmitry Vyatkin"]
[Black "Anish Giri"]
[WhiteElo "2355"]
[BlackElo "2341"]
[PlyCount "86"]

1.c4 e5 2.Nc3 Nc6 3.g3 g6 4.Bg2 Bg7 5.Rb1 d6 6.b4 f5 7.b5 Nce7
8.e3 Nf6 9.d4 e4 10.Qb3 Be6 11.d5 Bc8 12.Nge2 Nd7 13.O-O Nc5
14.Qc2 Ng8 15.Na4 Nf6 16.Ba3 Nfd7 17.Nd4 Qe7 18.Nc3 Ne5
19.Nce2 g5 20.Bc1 g4 21.Rd1 Ned3 22.Nf4 Nf4 23.ef4 h5 24.Nb3
Nb3 25.Rb3 b6 26.Re3 Kf7 27.h4 gh3 28.Bh3 h4 29.g4 fg4 30.Bg2
Qf6 31.Be4 Rh6 32.Rde1 Bd7 33.Bh7 Rh8 34.Re7+ Qe7 35.Bg6+ Kf8
36.Re7 Ke7 37.f5 Bf6 38.Qe4+ Kf8 39.Bh6+ Rh6 40.Qg4 h3 41.f4
Rh4 42.Qg3 Ke7 43.Kh1 h2 1/2-1/2

[Event "M.Chigorin Memorial B"]
[Site "St. Petersburg"]
[Date "2007.12.08"]
[EventDate "?"]
[Round "8.3"]
[Result "0-1"]
[White "Anish Giri"]
[Black "Roman Kozlov"]
[WhiteElo "2341"]
[BlackElo "2352"]
[PlyCount "88"]

1.e4 c5 2.Nf3 d6 3.d4 cd4 4.Nd4 Nf6 5.Nc3 a6 6.Be3 e6 7.g4 e5
8.Nf5 h5 9.gh5 d5 10.Bg5 d4 11.Ne2 Bf5 12.ef5 Qd5 13.Ng3 Nh5
14.Rg1 Ng3 15.hg3 Qe4+ 16.Qe2 Qf5 17.Bd2 Nd7 18.O-O-O Rc8
19.Be1 Be7 20.Kb1 Rh6 21.g4 Qe6 22.g5 Rh2 23.g6 f5 24.Rd4 e4
25.Qd1 Bf6 26.Rd6 Qe5 27.c3 Rc7 28.Bc4 Rc4 29.Rd7 Rc7 30.Rd5
Qe7 31.Qa4+ Rd7 32.Rf5 e3 33.Qc4 Kd8 34.Qf4 Qd6 35.Qe3 Qd1+
36.Qc1 Qe2 37.Bd2 Rd2 38.Rf6 Rh5 39.Rf8+ Ke7 40.Re1 Rb2+
41.Qb2 Qe1+ 42.Qc1 Rb5+ 43.Kc2 Qe4+ 44.Kd1 Qd3+ 0-1